| 000 | 00550nam a22002177a 4500 | ||
|---|---|---|---|
| 001 | 125 | ||
| 003 | FISKH | ||
| 005 | 20230228103150.0 | ||
| 008 | 230228b cb ||||| |||| 00| 0 eng d | ||
| 040 |
_aFISKH _beng _cFISKH |
||
| 050 | _aPZ7 | ||
| 082 | _a813.54 | ||
| 100 | _aSimon, Seymour | ||
| 245 |
_aThe Hurricane Hoax _band other cases _cSeymour Sminon / illustrated by Kevin O'Malley |
||
| 260 |
_aNew York _bScholastic _c2013 |
||
| 300 |
_a114 p. _c20 cm. |
||
| 505 | _aO | ||
| 521 | 8 |
_a821 _bLexile |
|
| 521 | 8 |
_aO _bRaz-Plus |
|
| 942 |
_2ddc _cBK _n0 |
||
| 999 |
_c125 _d125 |
||